Normal view
MARC view
Entry Personal Name
001 - CONTROL NUMBER
- control field: 27436
003 - CONTROL NUMBER IDENTIFIER
- control field: ARRUPE
005 - DATE AND TIME OF LATEST TRANSACTION
- control field: 20161115092158.0
008 - FIXED-LENGTH DATA ELEMENTS
- fixed length control field: 161115|| aca||aabn | a|a d
040 ## - CATALOGING SOURCE
- Original cataloging agency: ARRUPE
- Transcribing agency: ARRUPE
100 ## - HEADING--PERSONAL NAME
- Personal name: Collquium of the second national cultural week
670 ## - SOURCE DATA FOUND
- Source citation: Work cat.: (ARRUPE): Collquium of the second national cultural week, The Cultural identity of Cameroon